DJO Songs - Statistics

General Stats
  • This quiz has been taken 58 times
  • The average score is 21 of 49
Answer Stats
Album Answer % Correct
Decide End of Beginning
90%
The Crux Basic Being Basic
81%
The Crux Charlie’s Garden
79%
The Crux Crux
74%
The Crux Delete Ya
71%
The Crux Egg
71%
Decide Fool
69%
Decide Gloom
69%
The Crux Potion
69%
The Crux Lonesome Is A State of Mind
67%
The Crux Gap Tooth Smile
60%
Decide I Want Your Video
57%
Twenty Twenty Roddy
57%
The Crux Link
55%
Decide On and On
55%
The Crux Fly
52%
Decide Runner
52%
Decide Change
50%
Twenty Twenty Chateau (Feel Alright)
50%
The Crux Back on You
48%
The Crux Golden Line
48%
The Crux T. Rex Is Loud
48%
Twenty Twenty Flash Mountain
45%
Decide Half Life
43%
Decide Is That All It Takes
40%
The Crux Mr. Mountebank
40%
The Crux Awake
38%
Decide Figure You Out
38%
Twenty Twenty Mortal Projections
38%
Decide Climax
36%
Decide Go For It
36%
The Crux It’s Over
36%
Decide Slither
36%
The Crux Love Can’t Break The Spell
31%
Twenty Twenty Personal Lies
31%
Twenty Twenty Ring
31%
The Crux Purgatory Silverstar
29%
The Crux Try Me
29%
Twenty Twenty Tentpole Shangrila
26%
Twenty Twenty BNBG
24%
The Crux Carry The Name
21%
The Crux Who You Are
21%
The Crux Grime Of The World
19%
Twenty Twenty Showtime
19%
The Crux They Don’t Know What’s Right
19%
Twenty Twenty Just Along for the Ride
17%
Twenty Twenty Mutual Future (Repeat)
14%
The Crux Thich Nhat Hanh
10%
Twenty Twenty Total Control
10%
No matching quizzes found
Score Distribution
Percent of People with Each Score
Percentile by Number Answered
Your Score History
You have not taken this quiz